Normal view
MARC view
Entry Topical Term
001 - CONTROL NUMBER
- control field: 38814
003 - CONTROL NUMBER IDENTIFIER
- control field: ARRUPE
005 - DATE AND TIME OF LATEST TRANSACTION
- control field: 20180124085910.0
008 - FIXED-LENGTH DATA ELEMENTS
- fixed length control field: 180124|| aca||aabn | a|a d
040 ## - CATALOGING SOURCE
- Original cataloging agency: ARRUPE
- Transcribing agency: ARRUPE
150 ## - HEADING--TOPICAL TERM
- Topical term or geographic name as entry element: Tales
- Geographic subdivision: Kasai River Valley (Angola and Congo)
670 ## - SOURCE DATA FOUND
- Source citation: Work cat.: (ARRUPE)0: Frobenius, Leo 25861, Mythes et contes populaires des riverains du Kasaï /, 1983.